• 首页
  • 本馆介绍
  • 公告通知
  • 最新文献
  • 馆藏检索
  • 电子资源
  • 读者导购
  • 参考咨询
  • 我的图书馆
  • 登录
  • 详细信息显示
  • 放入我的书架
  • 预约/预借图书
  • 作者相关作品
  • 分类相关作品
  • 丛书相关作品
  • 出版社相关作品

书目信息

  • 表格格式
  • 工作单格式
  • 卡片格式
题名:
设计与设计家
    
 
作者: ;罗比亚尔 著 ;Pyramyd工作室 编辑
分册: 第二辑(018)   艾蒂安·罗比亚尔
出版信息: 北京   中国青年出版社  2006
页数: 120页
开本: 16×16cm
丛书名:
单 册:
中图分类: J534(565) , J111
科图分类:
主题词: 平面设计--法国--现代--图集 , 美术 , 美术--作品--世界--现代--画册 , 平面设计
电子资源:
ISBN: 7-5006-6622-5
000 01181nam0 2200301 450
001 003148214
005 20070805165204.04
010    @a7-5006-6622-5@dCNY250.00(全10册)
100    @a20060104d2006 em y0chiy0110 ea
101 0  @achi
102    @aCN@b110000
105    @aa z 000yy
200 1  @a设计与设计家@9she ji yu she ji jia@h第二辑(018)@i艾蒂安·罗比亚尔@dDesign & designer@iEtienne Robial@e平面设计@f(法)Pyramyd编辑@zeng
210    @a北京@c中国青年出版社@d2006
215    @a120页@d16×16cm
305    @a本书由法国PYRAMYD授权中国青年出版社独家出版
330    @a本套书汇聚了来自不同背景的平面艺术家、设计师、插图画家和摄影师,引领我们倘佯于他们具有代表性意义的作品中。每一本专著都强调了图片的视觉效果,并对每位艺术家作品的特质进行了点评。
510 1  @aDesign & designer@iEtienne Robial@zeng
606 0  @a平面设计@y法国@z现代@j图集
606 0  @a美术
606 0  @a美术@x作品@y世界@z现代@j画册
606 0  @a平面设计
690    @aJ534(565)@v4
690    @aJ111@v4
702  0 @c(法)@a罗比亚尔@9luo bi ya er@c(Robial, Etienne)@4著
711 02 @c(法)@aPyramyd工作室@9Pyramyd gong zuo shi@4编辑
801  0 @aCN@bNLC@c20070805
905    @a10447@dJ111@e103:2(18)
    
    设计与设计家.第二辑(018).艾蒂安·罗比亚尔=Design & designer.Etienne Robial:平面设计/(法)Pyramyd编辑.-北京:中国青年出版社,2006
    120页;16×16cm
    
    
    ISBN 7-5006-6622-5:CNY250.00(全10册)
    本套书汇聚了来自不同背景的平面艺术家、设计师、插图画家和摄影师,引领我们倘佯于他们具有代表性意义的作品中。每一本专著都强调了图片的视觉效果,并对每位艺术家作品的特质进行了点评。
●
相关链接 在E读中查询图书 在五车中查询图书 在当当中查询图书 在豆瓣中查询图书


正题名:设计与设计家     索取号:J111/103:2(18)         预约/预借

序号 登录号 条形码 馆藏地/架位号 状态 备注
1 0808611   208086113   第一样本阅览室/ [索取号:J111/103:2(18)] 在馆    
2 0808612   208086122   第一借阅区/ [索取号:J111/103:2(18)] 在馆    
3 0808613   208086131   第一借阅区/ [索取号:J111/103:2(18)] 在馆    
4 0808614   208086140   第一借阅区/ [索取号:J111/103:2(18)] 在馆    
5 0808615   208086159   第一借阅区/ [索取号:J111/103:2(18)] 在馆    
6 0808616   208086168   密集书库-美术系/ [索取号:J111/103:2(18)] 在馆    
7 0808617   208086177   密集书库-美术系/ [索取号:J111/103:2(18)] 在馆    
8 0808618   208086186   密集书库-美术系/ [索取号:J111/103:2(18)] 在馆    
唐山师范学院图书馆 欢迎您!
大连网信软件有限公司© 版权所有